000
00305nam a2200121 a 4500
001
4140
005
20140414131934.0
008
090218s19uu xx 00 eng d
050
_a
REF 423
_b
Sc6 2005
245
_a
Scholastic pocket dictionary.
260
_a
New York :
_b
Scholastic,
_c
2005.
999
_c
112350
_d
112350